<?xml version="1.0" encoding="UTF-8"?><?xml-stylesheet type="text/xsl" href="static/style.xsl"?><OAI-PMH xmlns="http://www.openarchives.org/OAI/2.0/" xmlns:xsi="http://www.w3.org/2001/XMLSchema-instance" xsi:schemaLocation="http://www.openarchives.org/OAI/2.0/ http://www.openarchives.org/OAI/2.0/OAI-PMH.xsd"><responseDate>2026-04-13T04:07:42Z</responseDate><request verb="GetRecord" identifier="oai:www.recercat.cat:10256/14697" metadataPrefix="marc">https://recercat.cat/oai/request</request><GetRecord><record><header><identifier>oai:recercat.cat:10256/14697</identifier><datestamp>2024-06-06T08:05:33Z</datestamp><setSpec>com_2072_452966</setSpec><setSpec>com_2072_2054</setSpec><setSpec>col_2072_452969</setSpec></header><metadata><record xmlns="http://www.loc.gov/MARC21/slim" xmlns:dcterms="http://purl.org/dc/terms/" xmlns:xsi="http://www.w3.org/2001/XMLSchema-instance" xmlns:doc="http://www.lyncode.com/xoai" xsi:schemaLocation="http://www.loc.gov/MARC21/slim http://www.loc.gov/standards/marcxml/schema/MARC21slim.xsd">
   <leader>00925njm 22002777a 4500</leader>
   <datafield ind2=" " ind1=" " tag="042">
      <subfield code="a">dc</subfield>
   </datafield>
   <datafield ind2=" " ind1=" " tag="720">
      <subfield code="a">Safeer, Sohail</subfield>
      <subfield code="e">author</subfield>
   </datafield>
   <datafield ind2=" " ind1=" " tag="260">
      <subfield code="c">2017-06</subfield>
   </datafield>
   <datafield ind2=" " ind1=" " tag="520">
      <subfield code="a">Las máquinas que se comercializan a partir del año 1995 tienen que cumplir los requisitos esenciales de seguridad y salud establecidos en el RD 1435/1992 y en caso de las máquinas que salen en mercado a partir de 1/1/2010 deben cumplir los requisitos esenciales de seguridad y salud establecidos por el RD 1644/2008 . Las máquinas que no cumplen dichos requisitos tienen que adecuarse. El proceso de adecuación implica identificación, estimación y evaluación de los riesgos, y la implementación de medidas técnicas y organizativas. &#xd;
En caso de este proyecto la adecuación se realizó en un centro mecanizado Kondia HS1000 fabricado en el año 1998 en el que se han hecho modificaciones técnicas y de uso (cómo por ejemplo, introducción de un cuarto eje, colocación de un cabezal láser etc.) para adaptarlo según las necesidades de la organización. Las modificaciones realizadas tienen incumplimientos con impacto en los requisitos esenciales de seguridad establecidos en la normativa de su aplicación.</subfield>
   </datafield>
   <datafield ind1="8" ind2=" " tag="024">
      <subfield code="a">http://hdl.handle.net/10256/14697</subfield>
   </datafield>
   <datafield tag="653" ind2=" " ind1=" ">
      <subfield code="a">Seguretat en el Treball</subfield>
   </datafield>
   <datafield tag="653" ind2=" " ind1=" ">
      <subfield code="a">Salut en el Treball</subfield>
   </datafield>
   <datafield tag="653" ind2=" " ind1=" ">
      <subfield code="a">Maquinària  -- Mesures de seguretat</subfield>
   </datafield>
   <datafield tag="653" ind2=" " ind1=" ">
      <subfield code="a">Industrial safety</subfield>
   </datafield>
   <datafield tag="653" ind2=" " ind1=" ">
      <subfield code="a">Industrial higiene</subfield>
   </datafield>
   <datafield tag="653" ind2=" " ind1=" ">
      <subfield code="a">Machinery -- Safety measures</subfield>
   </datafield>
   <datafield ind2="0" ind1="0" tag="245">
      <subfield code="a">La adecuación de centro de mecanizado y desarrollo  de sistemática de suporte para el proceso de adecuación</subfield>
   </datafield>
</record></metadata></record></GetRecord></OAI-PMH>